Statistics for History of Croatia

Click here to take the quiz!

General Stats

  • This quiz has been taken 71 times
  • The average score is 12 of 20

Answer Stats

QuestionAnswer% Correct
What country was Croatia part of from 1918–1991?Yugoslavia
98%
What international body did Croatia join in 2013?European Union
97%
What famous Serbian inventor was born in Smiljan, Croatia in 1856?Nikola Tesla
88%
What walled city, formerly called Ragusa, is a World Heritage site?Dubrovnik
85%
What country did Croatia meet at the 2018 FIFA World Cup finals?France
85%
What Italian city controlled most of Croatia's coast in the Middle Ages?Venice
80%
What footballer won the Ballon d'Or in 2018?Luka Modrić
68%
With what country was Croatia in a personal union between 1102–1526?Hungary
57%
What group of people migrated to Croatia in the mid-6th century?The Slavs
55%
What four-letter city is home to the only remaining Roman amphitheater in the world
to maintain its four side towers?
Pula
54%
By what empire's generals were the Croatian mercenaries recruited in the 17th century?{Habsburg} Empire
51%
Who served as the first President of Croatia between 1990–1999?Franjo {Tuđman}
49%
What Roman emperor built a palace in the city of Split?Diocletian
48%
Of what type of Ancient Egyptian mythical creature were 12 statues brought to Split?
Today only a black granite one remains.
Sphinx
42%
What Shakespearean play was set in the ancient region of Illyria, which includes CroatiaTwelfth {Night}
42%
The founder of what small republic came from the island of Rab, Croatia?San Marino
35%
What piece of cloth is thought to have been first used by Croatian mercenaries
during the Thirty Years' War?
Necktie
34%
The first example of what scary "ism" among Neanderthals came
from Krapina, Croatia, in 1899?
{Cannibal}ism
34%
What Croatian basketball player died in a car accident in 1993, at the age of 28?Dražen Petrović
32%
What alphabet was preserved only by Croats between 12th–20th century, mostly in liturgy?{Glagol}itic alphabet
22%

Score Distribution

Percentile by Number Answered

Percent of People with Each Score

Your Score History

You have not taken this quiz